000 00584nam a2200205Ia 4500
005 20250923144939.0
008 008 250917s9999 xx 000 0 eng d
037 _aTextual
040 _aDSWL
_beng
_cDSWL
041 _aeng
_2eng
084 _aY31:1:1.2'N5, N55;3
_qDSWL
100 _aDube, S.C.
_9830149
245 0 _aIndian Village
_cby S.C. Dube
260 _aLondon
_bRoutledge & Kagan Paul Ltd.
_c1955
300 _aXII,261 p.
365 _aINR
_b11.50
925 _g11.50
942 _cTEXL
_hY31:1:1.2'N5, N55;3
999 _c1445278
_d1445278